书目信息 |
| 题名: |
土木建筑工程概论
|
|
| 作者: | 刘光忱 主编 | |
| 分册: | ||
| 出版信息: | 大连 大连理工大学出版社 2008 |
|
| 页数: | 251页 | |
| 开本: | 26cm | |
| 丛书名: | ||
| 单 册: | ||
| 中图分类: | TU-43 | |
| 科图分类: | ||
| 主题词: | 土木工程--高等教育--教材 | |
| 电子资源: | ||
| ISBN: | 978-7-5611-1643-2 | |
| 000 | 00826nam0 2200253 450 | |
| 001 | 0101587988 | |
| 005 | 20080908103850.0 | |
| 010 | @a978-7-5611-1643-2@dCNY30 | |
| 100 | @a20080801d2008 em y0chiy0120 ea | |
| 101 | 0 | @achi |
| 102 | @aCN@b210000 | |
| 105 | @ay z 000yy | |
| 106 | @ar | |
| 200 | 1 | @a土木建筑工程概论@9Tu Mu Jian Zhu Gong Cheng Gai Lun @f刘光忱主编@b专著 |
| 205 | @a3版 | |
| 210 | @a大连@c大连理工大学出版社@d2008 | |
| 215 | @a251页@d26cm | |
| 300 | @a普通高等教育“十一五”国家级规划教材 | |
| 330 | @a本书主要内容包括:土木建筑工程设计与构造、土木建筑工程材料、地基与基础工程、土木建筑工程施工技术等六部分。 | |
| 606 | 0 | @a土木工程@x高等教育@j教材 |
| 690 | @aTU-43@v4 | |
| 701 | 0 | @a刘光忱@f(1962~)@9liu guang chen@4主编 |
| 801 | 0 | @aCN@b110017@c20080519 |
| 905 | @aBZT@dTU-43@e10@f5@sTU-43/10 | |
| 土木建筑工程概论/刘光忱主编.-3版.-大连:大连理工大学出版社,2008 |
| 251页;26cm |
| 普通高等教育“十一五”国家级规划教材 |
| ISBN 978-7-5611-1643-2:CNY30 |
| 本书主要内容包括:土木建筑工程设计与构造、土木建筑工程材料、地基与基础工程、土木建筑工程施工技术等六部分。 |
| ● |
| 相关链接 |
|
|
|
正题名:土木建筑工程概论
索取号:TU-43/10
 
预约/预借
| 序号 | 登录号 | 条形码 | 馆藏地/架位号 | 状态 | 备注 |
| 1 | 2000005721 | 2000005721 | 旧书回溯/ [索取号:TU-43/10] | 在馆 | |
| 2 | 2000005722 | 2000005722 | 旧书回溯/ [索取号:TU-43/10] | 在馆 | |
| 3 | 2000005723 | 2000005723 | 旧书回溯/ [索取号:TU-43/10] | 在馆 | |
| 4 | 2000005724 | 2000005724 | 旧书回溯/ [索取号:TU-43/10] | 在馆 | |
| 5 | 2000005725 | 2000005725 | 旧书回溯/ [索取号:TU-43/10] | 在馆 |